000
00304nam a22001337a 4500
008
170322b xxu||||| |||| 00| 0 eng d
020
_a
0312904924
041
_a
eng
080
_a
616.8
100
_a
7
101
_a
shm
245
_a
DRAWING ON THE RIGHT SIDE OF THE BRAIN
_c
EDWARDS, B
942
_2
udc
_c
BK
999
_c
8371
_d
8371